000 00375cam a2200145ua 4500
041 _amal
_h
082 _a894.8122
_bGUP/AN
100 _aGuptan nair, S .
245 _aAnchu Nadakangal /
_cS.Guptan nair.
_hTextual Documents
260 _aKottayam :
_bSahithya pravarthaka co operative ltd ,
_c1961.
300 _a128 ; .
504 _a
942 _cBK
999 _c700
_d700